Beginner's Guide to Cyanotype: Beautiful Projects to print With Light (Record no. 370245)

MARC details
000 -LEADER
fixed length control field 00950nam a2200193 4500
005 - DATE AND TIME OF LATEST TRANSACTION
control field 20260210121719.0
008 - FIXED-LENGTH DATA ELEMENTS--GENERAL INFORMATION
fixed length control field 260130b |||||||| |||| 00| 0 eng d
020 ## - INTERNATIONAL STANDARD BOOK NUMBER
International Standard Book Number 9781800920958
041 ## - LANGUAGE CODE
Language code of text/sound track or separate title English
082 ## - DEWEY DECIMAL CLASSIFICATION NUMBER
Classification number 746.1
Item number TIL
100 ## - MAIN ENTRY--PERSONAL NAME
Author Tillyer Kim
245 ## - TITLE STATEMENT
Title Beginner's Guide to Cyanotype: Beautiful Projects to print With Light
260 ## - PUBLICATION, DISTRIBUTION, ETC.
Name of publisher, distributor, etc. Search Press
Date of publication, distribution, etc. 2024
300 ## - PHYSICAL DESCRIPTION
Extent 112
365 ## - TRADE PRICE
Price amount 1221.16
Currency code Rs.00
520 ## - SUMMARY, ETC.
Summary, etc. Introduction<br/>• What Is Cyanotype?<br/>• Tools And Materials<br/>• Basic Technique<br/>The Projects. <br/>• Atkins-Style Greetings Card <br/>• Travel Journal <br/>• Topiary Garden Pop-Up Card <br/>• Trompe L'oeil Lace Purse <br/>• 'Picnic In The Woods' Cutlery Roll <br/>• 'Patchwork' Tote Bag <br/>• Fabric Night Lights <br/>• Portraits And Pictures <br/>• 'Hag Stone' Jewellery<br/>'Toil And Trouble...' : When Things Go Wrong<br/>• Last Word<br/>• Templates<br/><br/>
650 ## - SUBJECT ADDED ENTRY--TOPICAL TERM
Topical term or geographic name entry element Dyeing
942 ## - ADDED ENTRY ELEMENTS (KOHA)
Koha item type Books
Holdings
Withdrawn status Lost status Source of classification or shelving scheme Damaged status Not for loan Home library Current library Date acquired Vendor Net Price Bill number Total Checkouts Full call number Barcode Date last seen Discount Actual Price Bill Date Koha item type
    Dewey Decimal Classification     School of Fashion Technology School of Fashion Technology 28/01/2026 Design Book Studio 1221.16 283   746.1 TIL SOFT-BK-4904 30/01/2026 33% 1822.63 12/12/2025 Books